[Event "Mitropa Cup 03rd"]
[Site "Ciocco"]
[Date "1978.??.??"]
[Round "1"]
[White "Hartmann, Wolfram"]
[Black "Benoit, Michel"]
[Result "1-0"]
[WhiteElo "2240"]
[BlackElo "2240"]
[PlyCount "58"]
[EventDate "1978.10.09"]
[EventType "team-tourn"]
[EventRounds "7"]
[EventCountry "ITA"]
[Source "ChessBase"]
[SourceDate "1998.11.10"]

1. e4 d6 2. d4 Nf6 3. Nc3 g6 4. f4 Bg7 5. Nf3 c5 6. Bb5+ Bd7 7. e5 Ng4 8. Bxd7+
Qxd7 9. d5 dxe5 10. h3 e4 11. Nxe4 Nf6 12. Ne5 Qc7 13. d6 Qa5+ 14. c3 O-O 15.
Qb3 Nc6 16. dxe7 Nxe7 17. Nxf6+ Bxf6 18. O-O Bg7 19. Qxb7 Nf5 20. Qf3 c4 21. g4
Qc5+ 22. Kh1 Bxe5 23. fxe5 Ng7 24. Bf4 Rab8 25. Rf2 Ne6 26. Bh6 Ng7 27. Qf6 Ne8
28. Bxf8 Nxf6 29. Bxc5 Ne4 1-0

[Event "Mitropa Cup 03rd"]
[Site "Ciocco"]
[Date "1978.??.??"]
[Round "2"]
[White "Hug, Werner"]
[Black "Mestrovic, Zvonimir"]
[Result "1/2-1/2"]
[WhiteElo "2460"]
[BlackElo "2435"]
[PlyCount "63"]
[EventDate "1978.10.09"]
[EventType "team-tourn"]
[EventRounds "7"]
[EventCountry "ITA"]
[Source "ChessBase"]
[SourceDate "1998.11.10"]

1. Nf3 Nc6 2. d4 d6 3. e3 g6 4. d5 Ne5 5. Nxe5 dxe5 6. Bb5+ Bd7 7. Bxd7+ Qxd7
8. c4 f5 9. Qb3 c6 10. Nc3 cxd5 11. Nxd5 e6 12. Nc3 Nf6 13. O-O Bc5 14. Rd1 Qc6
15. Qa4 Rc8 16. b3 a6 17. Bb2 O-O 18. Qxc6 Rxc6 19. a4 Rb6 20. Ba3 Bxa3 21.
Rxa3 Rf7 22. Kf1 Rd7 23. Rxd7 Nxd7 24. a5 Rd6 25. Ke2 e4 26. f3 exf3+ 27. gxf3
Ne5 28. c5 Rd8 29. b4 Nc6 30. b5 axb5 31. Nxb5 Ra8 32. Nc7 1/2-1/2

[Event "Mitropa Cup 03rd"]
[Site "Ciocco"]
[Date "1978.??.??"]
[Round "2"]
[White "Toth, Bela"]
[Black "Dankert, Peter"]
[Result "1-0"]
[WhiteElo "2480"]
[BlackElo "2260"]
[PlyCount "111"]
[EventDate "1978.10.09"]
[EventType "team-tourn"]
[EventRounds "7"]
[EventCountry "ITA"]
[Source "ChessBase"]
[SourceDate "1998.11.10"]

1. d4 d5 2. c4 e6 3. Nc3 c5 4. cxd5 cxd4 5. Qa4+ Bd7 6. Qxd4 exd5 7. Qxd5 Nc6
8. Nf3 Nf6 9. Qd1 Bc5 10. e3 Qe7 11. Be2 O-O 12. O-O Rfd8 13. a3 Bf5 14. Qa4
Ne4 15. Nxe4 Bxe4 16. b4 Bb6 17. Bb2 Bxf3 18. Bxf3 Rd2 19. Qb3 Rd6 20. Rad1
Rad8 21. Rd5 R8d7 22. Rfd1 Bc7 23. h3 Nd8 24. Rxd6 Rxd6 25. Rxd6 Qxd6 26. Bd5
Kf8 27. f4 Bb6 28. Kh2 Bxe3 29. Qxe3 Qxd5 30. Qxa7 f6 31. Qd4 Qxd4 32. Bxd4 b5
33. Kg3 f5 34. Kf3 Kf7 35. Ke3 g6 36. Kd3 Ke6 37. a4 bxa4 38. Kc4 Nb7 39. Kb5
a3 40. Ka4 a2 41. Kb3 Kd5 42. Be5 Nd8 43. Kxa2 Kc4 44. Ka3 Nc6 45. Bd6 Nd4 46.
Ka4 Nb5 47. Bc5 Nc3+ 48. Ka5 Nd5 49. Bd6 Nc3 50. Kb6 Kd5 51. Be5 Ne4 52. b5 g5
53. Kc7 Nc5 54. b6 Na6+ 55. Kc8 Ke4 56. Bd6 1-0

[Event "Mitropa Cup 03rd"]
[Site "Ciocco"]
[Date "1978.??.??"]
[Round "3"]
[White "Goldenberg, Richard"]
[Black "Hug, Werner"]
[Result "0-1"]
[WhiteElo "2300"]
[BlackElo "2460"]
[PlyCount "70"]
[EventDate "1978.10.09"]
[EventType "team-tourn"]
[EventRounds "7"]
[EventCountry "ITA"]
[Source "ChessBase"]
[SourceDate "1998.11.10"]

1. c4 Nf6 2. Nc3 d6 3. g3 g6 4. Bg2 Bg7 5. Nf3 O-O 6. O-O c6 7. d3 Re8 8. Rb1
e5 9. b3 Bf5 10. e4 Bg4 11. h3 Bxf3 12. Bxf3 Nbd7 13. b4 Nf8 14. b5 Ne6 15. Be3
Nd7 16. Bg4 Ndc5 17. Bxe6 Nxe6 18. bxc6 bxc6 19. Qa4 Qc8 20. Qb4 Re7 21. Kg2
Qd7 22. f3 h5 23. Rb3 f5 24. Ra3 Rf7 25. Ne2 Bf8 26. Qb3 Kh7 27. Rb1 Bh6 28.
Bxh6 Kxh6 29. Qc3 Raf8 30. Qd2+ Kh7 31. Rab3 Nc5 32. Rc3 fxe4 33. dxe4 Nxe4 34.
fxe4 Rf2+ 35. Kg1 Qxh3 0-1

[Event "Mitropa Cup 03rd"]
[Site "Ciocco"]
[Date "1978.??.??"]
[Round "4"]
[White "Benoit, Michel"]
[Black "Djuric, Stefan"]
[Result "0-1"]
[WhiteElo "2240"]
[BlackElo "2350"]
[PlyCount "91"]
[EventDate "1978.10.09"]
[EventType "team-tourn"]
[EventRounds "7"]
[EventCountry "ITA"]
[Source "ChessBase"]
[SourceDate "1998.11.10"]

1. e4 e5 2. Nf3 Nc6 3. Be2 Nf6 4. d3 d5 5. Nbd2 Be7 6. O-O O-O 7. c3 Re8 8. Qc2
Bf8 9. Re1 h6 10. Nf1 a5 11. h3 b6 12. Bd2 Ba6 13. g4 Qd7 14. N3h2 Rad8 15. Kg2
d4 16. Qa4 dxc3 17. bxc3 Qe6 18. Qc2 Qd6 19. Qa4 Re6 20. Rad1 Qa3 21. Qc2 Bb5
22. Qb1 Ba6 23. Qc2 Qc5 24. Be3 Qe7 25. Ng3 Qe8 26. f4 exf4 27. Bxf4 Bb7 28.
Nf3 Bd6 29. Bxd6 cxd6 30. Rb1 d5 31. e5 Nxe5 32. Nd4 Rc8 33. Ngf5 g6 34. Nxh6+
Kh7 35. g5 Nc4 36. dxc4 dxc4+ 37. Kf1 Be4 38. Qd2 Bxb1 39. Rxb1 Re3 40. gxf6
Qe4 41. Nxf7 Rc5 42. Re1 Qf4+ 43. Bf3 Rxf3+ 44. Nxf3 Qxf3+ 45. Kg1 Qg3+ 46. Kf1
0-1

[Event "Mitropa Cup 03rd"]
[Site "Ciocco"]
[Date "1978.??.??"]
[Round "4"]
[White "Rukavina, Josip"]
[Black "Goldenberg, Richard"]
[Result "1-0"]
[WhiteElo "2435"]
[BlackElo "2300"]
[PlyCount "57"]
[EventDate "1978.10.09"]
[EventType "team-tourn"]
[EventRounds "7"]
[EventCountry "ITA"]
[Source "ChessBase"]
[SourceDate "1998.11.10"]

1. Nf3 c5 2. c4 Nf6 3. Nc3 d5 4. cxd5 Nxd5 5. d4 Nxc3 6. bxc3 g6 7. e3 Bg7 8.
Be2 O-O 9. O-O Qc7 10. Qb3 Nc6 11. Ba3 b6 12. Rac1 Na5 13. Qb1 Be6 14. c4 Rac8
15. d5 Bg4 16. h3 Bd7 17. Bb2 e5 18. Bc3 Nb7 19. Qc2 f6 20. a4 Nd6 21. e4 a5
22. Bd3 Qd8 23. Rb1 Rb8 24. Rb2 Qe8 25. Ra1 f5 26. Nd2 f4 27. Nf3 h6 28. Rab1
Bxa4 29. Qe2 1-0

[Event "Mitropa Cup 03rd"]
[Site "Ciocco"]
[Date "1978.??.??"]
[Round "5"]
[White "Taruffi, Daniele"]
[Black "Barle, Janez"]
[Result "1/2-1/2"]
[WhiteElo "2325"]
[BlackElo "2425"]
[PlyCount "85"]
[EventDate "1978.10.09"]
[EventType "team-tourn"]
[EventRounds "7"]
[EventCountry "ITA"]
[Source "ChessBase"]
[SourceDate "1998.11.10"]

1. e4 e5 2. Ne2 Nf6 3. Nbc3 Bc5 4. d4 exd4 5. Nxd4 O-O 6. Bg5 Re8 7. Be2 h6 8.
Bh4 g5 9. Bg3 Nxe4 10. Nxe4 Rxe4 11. Nb3 Bf8 12. O-O d6 13. Bd3 Re8 14. Qh5 Be6
15. Nd4 Nd7 16. Nxe6 Rxe6 17. f4 Nf6 18. Qf3 c6 19. fxg5 hxg5 20. Qf5 Bg7 21.
Qxg5 Ne4 22. Qf4 Qb6+ 23. Kh1 Nxg3+ 24. Qxg3 Rae8 25. b3 Qa5 26. a4 Re3 27. Qf4
Qh5 28. Rad1 R3e7 29. h3 Be5 30. Qf2 b6 31. Qf3 Qg5 32. Qf5 Qg3 33. Qh7+ Kf8
34. Qh6+ Bg7 35. Qf4 Qxf4 36. Rxf4 Re1+ 37. Rxe1 Rxe1+ 38. Rf1 Rxf1+ 39. Bxf1
Ke7 40. g3 d5 41. Kg2 Kd6 42. Kf3 Ke5 43. Ba6 1/2-1/2

[Event "Mitropa Cup 03rd"]
[Site "Ciocco"]
[Date "1978.??.??"]
[Round "7"]
[White "Barle, Janez"]
[Black "Dankert, Peter"]
[Result "1-0"]
[WhiteElo "2425"]
[BlackElo "2260"]
[PlyCount "53"]
[EventDate "1978.10.09"]
[EventType "team-tourn"]
[EventRounds "7"]
[EventCountry "ITA"]
[Source "ChessBase"]
[SourceDate "1998.11.10"]

1. e4 e6 2. d4 d5 3. Nc3 Nf6 4. Bg5 Bb4 5. e5 h6 6. Bd2 Bxc3 7. bxc3 Ne4 8. Qg4
g6 9. Bd3 Nxd2 10. Kxd2 c5 11. Qf4 Nc6 12. h4 cxd4 13. cxd4 Bd7 14. Nf3 Qe7 15.
Qf6 O-O-O 16. Qxe7 Nxe7 17. a4 Rdf8 18. a5 f6 19. exf6 Rxf6 20. Ra3 Kc7 21.
Rc3+ Kd6 22. Rb1 Bc8 23. Ke3 Rhf8 24. Ne5 Nc6 25. Nxg6 Rg8 26. a6 bxa6 27.
Rxc6+ 1-0

[Event "Mitropa Cup 03rd"]
[Site "Ciocco"]
[Date "1978.??.??"]
[Round "7"]
[White "Djuric, Stefan"]
[Black "Hartmann, Wolfram"]
[Result "1-0"]
[WhiteElo "2350"]
[BlackElo "2240"]
[PlyCount "111"]
[EventDate "1978.10.09"]
[EventType "team-tourn"]
[EventRounds "7"]
[EventCountry "ITA"]
[Source "ChessBase"]
[SourceDate "1998.11.10"]

1. d4 Nf6 2. c4 e6 3. Nf3 b6 4. a3 Bb7 5. Nc3 Ne4 6. Nxe4 Bxe4 7. Nd2 Bb7 8. e4
Qf6 9. d5 Bc5 10. Nf3 Qg6 11. b4 Qxe4+ 12. Be2 Bd6 13. O-O Qg6 14. Re1 O-O 15.
Bd3 Qh5 16. Rb1 Na6 17. Re4 f5 18. Rh4 Qe8 19. Qc2 Qg6 20. Bb2 c5 21. Ne5 Qf6
22. Nf3 Qe7 23. b5 Nc7 24. Re1 Nxd5 25. cxd5 Bxd5 26. Qc3 Rf7 27. Rh5 Bxf3 28.
gxf3 Qf6 29. Qc1 Bf4 30. Qxf4 Qxb2 31. Bf1 g6 32. Rh3 Rc8 33. Qc4 d5 34. Qf4
Re8 35. Qd6 Qf6 36. f4 Qe7 37. Qe5 Qf6 38. Qe2 c4 39. Re3 Rfe7 40. Re5 Kf7 41.
Bg2 Rd8 42. Qd2 Rd6 43. Qc3 Red7 44. Qd4 Qd8 45. R1e3 Qc7 46. Rh3 h5 47. Ree3
Rd8 48. Reg3 Qc5 49. Qd1 d4 50. Rxg6 Rh8 51. Rxh5 Rdd8 52. Rhh6 Rxh6 53. Rxh6
Qxb5 54. Qh5+ Ke7 55. Qg5+ Kd7 56. Rh7+ 1-0

[Event "Mitropa Cup 04th"]
[Site "Bern"]
[Date "1979.10.07"]
[Round "1.1"]
[White "Gerusel, Mathias"]
[Black "Hoelzl, Franz"]
[Result "1-0"]
[WhiteElo "2425"]
[BlackElo "2425"]
[PlyCount "91"]
[EventDate "1979.10.07"]
[EventType "team-tourn"]
[EventRounds "7"]
[EventCountry "SUI"]
[Source "ChessBase"]
[SourceDate "2003.11.25"]
[WhiteTeam "Germany"]
[BlackTeam "Austria"]
[WhiteTeamCountry "GER"]
[BlackTeamCountry "AUT"]

1. d4 Nf6 2. c4 g6 3. Nc3 d5 4. cxd5 Nxd5 5. e4 Nxc3 6. bxc3 Bg7 7. Bc4 c5 8.
Ne2 Nc6 9. Be3 O-O 10. O-O Bg4 11. f3 Na5 12. Bd5 Bd7 13. Rb1 Qc7 14. Bf4 Qc8
15. Qd2 e6 16. Bb3 Nxb3 17. Rxb3 Ba4 18. Rb2 Rd8 19. Qe3 b6 20. Bh6 Bh8 21.
Rfb1 Rd7 22. Rd2 Qa6 23. e5 Qc4 24. Ng3 cxd4 25. cxd4 f5 26. exf6 Bxf6 27. d5
exd5 28. Qe6+ Rf7 29. Qxd5 Qc5+ 30. Kh1 Rc8 31. Ne4 Qc1+ 32. Rd1 Qxh6 33. Nxf6+
Kg7 34. Qd4 Rxf6 35. Qxa4 Rf7 36. Qd4+ Kg8 37. Rb3 Rc2 38. Rb2 Rc5 39. Re2 Qg7
40. Re8+ Rf8 41. Rxf8+ Qxf8 42. h3 Qf7 43. Qd8+ Qf8 44. Qh4 g5 45. Qg4 Qf7 46.
Rd8+ 1-0

[Event "Mitropa Cup 04th"]
[Site "Bern"]
[Date "1979.10.07"]
[Round "1.3"]
[White "Hess, Ralf"]
[Black "Wittmann, Walter"]
[Result "1-0"]
[WhiteElo "2335"]
[BlackElo "2360"]
[PlyCount "85"]
[EventDate "1979.10.07"]
[EventType "team-tourn"]
[EventRounds "7"]
[EventCountry "SUI"]
[Source "ChessBase"]
[SourceDate "2003.11.25"]
[WhiteTeam "Germany"]
[BlackTeam "Austria"]
[WhiteTeamCountry "GER"]
[BlackTeamCountry "AUT"]

1. c4 c5 2. Nc3 Nc6 3. g3 g6 4. Bg2 Bg7 5. e3 e6 6. Nge2 Nge7 7. Nf4 a6 8. Rb1
Rb8 9. a3 b5 10. cxb5 axb5 11. b4 c4 12. h4 d5 13. Bb2 d4 14. exd4 Nxd4 15. h5
Nef5 16. hxg6 hxg6 17. Rxh8+ Bxh8 18. d3 Nd6 19. Ne4 Bb7 20. Nxd6+ Qxd6 21.
Bxb7 Rxb7 22. dxc4 Qc6 23. Bxd4 Rd7 24. Nd5 exd5 25. c5 Qe6+ 26. Kf1 Qe4 27.
Bxh8 Qh1+ 28. Ke2 Re7+ 29. Kd2 Qxh8 30. Qg4 Re6 31. Qf4 Kf8 32. Rb3 Qa1 33. Re3
Rxe3 34. Qxe3 Qb2+ 35. Ke1 d4 36. Qd3 Qc1+ 37. Ke2 Qb2+ 38. Ke1 Qc1+ 39. Ke2
Qb2+ 40. Kf3 g5 41. Qxb5 Qc3+ 42. Ke4 Qe1+ 43. Kd5 1-0

[Event "Mitropa Cup 04th"]
[Site "Bern"]
[Date "1979.10.07"]
[Round "1.4"]
[White "Janetschek, Karl"]
[Black "Dankert, Peter"]
[Result "1-0"]
[WhiteElo "2320"]
[BlackElo "2360"]
[PlyCount "83"]
[EventDate "1979.10.07"]
[EventType "team-tourn"]
[EventRounds "7"]
[EventCountry "SUI"]
[Source "ChessBase"]
[SourceDate "2003.11.25"]
[WhiteTeam "Austria"]
[BlackTeam "Germany"]
[WhiteTeamCountry "AUT"]
[BlackTeamCountry "GER"]

1. e4 Nf6 2. e5 Nd5 3. d4 d6 4. Nf3 Bg4 5. Be2 e6 6. c4 Nb6 7. O-O Be7 8. Nc3
O-O 9. h3 Bh5 10. Be3 d5 11. c5 Bxf3 12. gxf3 Nc8 13. f4 f5 14. Bd3 Nc6 15. a3
Rf7 16. Kh2 Bf8 17. Ne2 Qh4 18. Qd2 N8e7 19. Ng1 Ng6 20. Nf3 Qd8 21. Ng5 Re7
22. Qe2 Nh8 23. Nxe6 Rxe6 24. Bxf5 Re8 25. Rg1 g6 26. Bc2 Bg7 27. f5 Nxe5 28.
dxe5 Bxe5+ 29. Kh1 Bg7 30. fxg6 h6 31. Qg4 Qf6 32. Rad1 Rad8 33. Bd4 Qf8 34.
Bxg7 Qxg7 35. Bf5 Qf6 36. g7 Nf7 37. Rd4 Qg5 38. f4 Qxg4 39. Bxg4 Re3 40. Bf5
h5 41. Rxd5 Rde8 42. Rd7 1-0

[Event "Mitropa Cup 04th"]
[Site "Bern"]
[Date "1979.10.07"]
[Round "1.1"]
[White "Hug, Werner"]
[Black "Sellos, Didier"]
[Result "1-0"]
[WhiteElo "2460"]
[BlackElo "2360"]
[PlyCount "65"]
[EventDate "1979.10.07"]
[EventType "team-tourn"]
[EventRounds "7"]
[EventCountry "SUI"]
[Source "ChessBase"]
[SourceDate "2003.11.25"]
[WhiteTeam "Switzerland"]
[BlackTeam "France"]
[WhiteTeamCountry "SUI"]
[BlackTeamCountry "FRA"]

1. g3 g6 2. Bg2 Bg7 3. e4 d6 4. Nc3 c5 5. d3 Nc6 6. Nh3 e6 7. O-O Nge7 8. Be3
O-O 9. Qd2 Nd4 10. Bh6 e5 11. Bxg7 Kxg7 12. f4 Bxh3 13. Bxh3 Qb6 14. Nd1 f6 15.
c3 Ndc6 16. Ne3 Rad8 17. Be6 Qc7 18. Rf2 Rde8 19. f5 Nd8 20. Bc4 gxf5 21. Nxf5+
Nxf5 22. Rxf5 Ne6 23. Raf1 Qe7 24. Qd1 Kh8 25. Qf3 Ng5 26. Qh5 Kg7 27. Kg2 Ne6
28. Qg4+ Kh8 29. Qf3 Kg7 30. Rh5 Nc7 31. Qf5 h6 32. Qg4+ Kh7 33. Rxh6+ 1-0

[Event "Mitropa Cup 04th"]
[Site "Bern"]
[Date "1979.10.07"]
[Round "1.2"]
[White "Roos, Daniel"]
[Black "Keller, Dieter"]
[Result "1/2-1/2"]
[WhiteElo "2250"]
[BlackElo "2400"]
[PlyCount "41"]
[EventDate "1979.10.07"]
[EventType "team-tourn"]
[EventRounds "7"]
[EventCountry "SUI"]
[Source "ChessBase"]
[SourceDate "2003.11.25"]
[WhiteTeam "France"]
[BlackTeam "Switzerland"]
[WhiteTeamCountry "FRA"]
[BlackTeamCountry "SUI"]

1. e4 e6 2. d4 d5 3. Nd2 a6 4. c3 c5 5. Ngf3 Nc6 6. exd5 Qxd5 7. Bc4 Qd8 8.
dxc5 Bxc5 9. Qe2 Nf6 10. O-O Qc7 11. Ne4 Be7 12. Bg5 Nxe4 13. Qxe4 Bxg5 14.
Nxg5 Ne5 15. Bb3 h6 16. Rfe1 Nc6 17. Nf3 Bd7 18. Rad1 O-O-O 19. Qe3 Kb8 20. Bc2
Bc8 21. h3 1/2-1/2

[Event "Mitropa Cup 04th"]
[Site "Bern"]
[Date "1979.10.07"]
[Round "1.3"]
[White "Schauwecker, Meinrad"]
[Black "Meinsohn, Pierre"]
[Result "1-0"]
[WhiteElo "2365"]
[BlackElo "2290"]
[PlyCount "79"]
[EventDate "1979.10.07"]
[EventType "team-tourn"]
[EventRounds "7"]
[EventCountry "SUI"]
[Source "ChessBase"]
[SourceDate "2003.11.25"]
[WhiteTeam "Switzerland"]
[BlackTeam "France"]
[WhiteTeamCountry "SUI"]
[BlackTeamCountry "FRA"]

1. d4 d5 2. Nf3 e6 3. c4 c5 4. e3 Nc6 5. Nc3 Nf6 6. cxd5 exd5 7. Be2 cxd4 8.
Nxd4 Bd6 9. O-O O-O 10. Nxc6 bxc6 11. b3 Qe7 12. Bb2 Qe5 13. g3 Bh3 14. Re1
Rfe8 15. Rc1 Qe7 16. Bf3 Bb4 17. Qd3 Rad8 18. Red1 h6 19. Ne2 Rc8 20. Nf4 Bd7
21. Qc2 Ba3 22. Rd2 Bxb2 23. Qxb2 Bf5 24. Nh5 Nxh5 25. Bxh5 Red8 26. Bf3 Be4
27. Bxe4 Qxe4 28. Rc5 Re8 29. Qc1 h5 30. Rxc6 Rxc6 31. Qxc6 Qb1+ 32. Kg2 Qe4+
33. Kf1 Re5 34. Qc8+ Re8 35. Qd7 Re5 36. h4 Qh1+ 37. Ke2 g6 38. Qxa7 Rf5 39.
Qd4 Qg1 40. Kd3 {time} 1-0

[Event "Mitropa Cup 04th"]
[Site "Bern"]
[Date "1979.10.08"]
[Round "2.3"]
[White "Meinsohn, Pierre"]
[Black "Feller, Joseph"]
[Result "1-0"]
[WhiteElo "2290"]
[BlackElo "2225"]
[PlyCount "57"]
[EventDate "1979.10.07"]
[EventType "team-tourn"]
[EventRounds "7"]
[EventCountry "SUI"]
[Source "ChessBase"]
[SourceDate "2003.11.25"]
[WhiteTeam "France"]
[BlackTeam "Luxembourg"]
[WhiteTeamCountry "FRA"]
[BlackTeamCountry "LUX"]

1. d4 Nf6 2. c4 g6 3. Nc3 d5 4. cxd5 Nxd5 5. e4 Nxc3 6. bxc3 c5 7. Nf3 Bg7 8.
Be2 O-O 9. O-O b6 10. Bg5 cxd4 11. cxd4 Bb7 12. Qd3 Nc6 13. Rad1 Qd7 14. d5 Na5
15. Nd4 Rac8 16. Qg3 Bxd4 17. Rxd4 Rc2 18. Bg4 Qc7 19. d6 exd6 20. Bf6 Nc6 21.
Rxd6 h6 22. Qf4 Kh7 23. Bg7 Kxg7 24. Rxg6+ fxg6 25. Qxc7+ Rf7 26. Qd6 Ba6 27.
Qd1 Nb4 28. Be6 Rf8 29. Qd4+ 1-0

[Event "Mitropa Cup 04th"]
[Site "Bern"]
[Date "1979.10.08"]
[Round "2.1"]
[White "Toth, Bela"]
[Black "Borik, Otto"]
[Result "0-1"]
[WhiteElo "2470"]
[BlackElo "2395"]
[PlyCount "80"]
[EventDate "1979.10.07"]
[EventType "team-tourn"]
[EventRounds "7"]
[EventCountry "SUI"]
[Source "ChessBase"]
[SourceDate "2003.11.25"]
[WhiteTeam "Italy"]
[BlackTeam "Germany"]
[WhiteTeamCountry "ITA"]
[BlackTeamCountry "GER"]

1. d4 Nf6 2. c4 c5 3. d5 b5 4. cxb5 a6 5. e3 g6 6. Nc3 Bg7 7. e4 d6 8. Nf3 O-O
9. a4 e6 10. dxe6 fxe6 11. Bg5 h6 12. Bd2 d5 13. e5 Nfd7 14. h4 Bb7 15. Qc2
Rxf3 16. gxf3 Nxe5 17. Rh3 d4 18. f4 Nf3+ 19. Rxf3 Bxf3 20. Qxg6 Nd7 21. Qg3
Bh5 22. Ne4 Qf8 23. Bc4 Nb6 24. Bxe6+ Kh8 25. bxa6 Bf7 26. f5 Bxe6 27. fxe6 Qf5
28. Nd6 Qxe6+ 29. Kf1 Nc4 30. Bf4 Nxd6 31. Bxd6 Rxa6 32. Bf4 Qe4 33. Qg4 Rg6
34. Qc8+ Kh7 35. Bg3 Qh1+ 36. Ke2 Qxa1 37. Qf5 d3+ 38. Qxd3 Qxb2+ 39. Kf1 Qd4
40. Qf5 Qf6 0-1

[Event "Mitropa Cup 04th"]
[Site "Bern"]
[Date "1979.10.08"]
[Round "2.2"]
[White "Keller, Dieter"]
[Black "Nikolac, Juraj"]
[Result "0-1"]
[WhiteElo "2400"]
[BlackElo "2450"]
[PlyCount "46"]
[EventDate "1979.10.07"]
[EventType "team-tourn"]
[EventRounds "7"]
[EventCountry "SUI"]
[Source "ChessBase"]
[SourceDate "2003.11.25"]
[WhiteTeam "Switzerland"]
[BlackTeam "Yugoslavia"]
[WhiteTeamCountry "SUI"]
[BlackTeamCountry "YUG"]

1. e4 c6 2. d4 d5 3. e5 Bf5 4. h4 h5 5. Ne2 e6 6. Nf4 c5 7. dxc5 Nc6 8. Bd3
Bxd3 9. Nxd3 Bxc5 10. Nd2 Bb6 11. Nf3 Qc7 12. Bg5 Nh6 13. O-O Ng4 14. Qe2 Ne7
15. Rac1 Nf5 16. Rfe1 Ng3 17. Qd1 Qc4 18. Nd2 Qxd3 $1 19. Qxg4 hxg4 20. cxd3
Nf5 21. Nb3 Nxh4 22. Nc5 Nf5 23. Nxb7 $4 Ng3 0-1

[Event "Mitropa Cup 04th"]
[Site "Bern"]
[Date "1979.10.08"]
[Round "2.3"]
[White "Raicevic, Vladimir"]
[Black "Schauwecker, Meinrad"]
[Result "1-0"]
[WhiteElo "2440"]
[BlackElo "2365"]
[PlyCount "67"]
[EventDate "1979.10.07"]
[EventType "team-tourn"]
[EventRounds "7"]
[EventCountry "SUI"]
[Source "ChessBase"]
[SourceDate "2003.11.25"]
[WhiteTeam "Yugoslavia"]
[BlackTeam "Switzerland"]
[WhiteTeamCountry "YUG"]
[BlackTeamCountry "SUI"]

1. c4 b6 2. Nc3 e6 3. d4 Bb4 4. Qc2 Ne7 5. a3 Bxc3+ 6. Qxc3 O-O 7. Nf3 Bb7 8.
e3 d6 9. b3 Nd7 10. Bd3 e5 11. dxe5 dxe5 12. Bb2 f6 13. Bc2 Qe8 14. O-O-O Nc5
15. Nd2 Bxg2 16. Rhg1 Bh3 17. Rg3 Bf5 18. Rdg1 Rf7 19. e4 Bd7 20. f4 Ng6 21.
fxe5 Nxe5 22. Nf3 Bc6 23. Nxe5 Qxe5 24. Qe3 Qe7 25. e5 fxe5 26. Qh6 Qf6 27.
Qxf6 Rxf6 28. Rxg7+ Kf8 29. Rxc7 Nd7 30. Bxh7 Re8 31. h4 Ree6 32. h5 Rf2 33. a4
Nf6 34. Bg6 1-0

[Event "Mitropa Cup 04th"]
[Site "Bern"]
[Date "1979.10.08"]
[Round "2.4"]
[White "Bichsel, Walter"]
[Black "Djuric, Stefan"]
[Result "1-0"]
[WhiteElo "2280"]
[BlackElo "2415"]
[PlyCount "113"]
[EventDate "1979.10.07"]
[EventType "team-tourn"]
[EventRounds "7"]
[EventCountry "SUI"]
[Source "ChessBase"]
[SourceDate "2003.11.25"]
[WhiteTeam "Switzerland"]
[BlackTeam "Yugoslavia"]
[WhiteTeamCountry "SUI"]
[BlackTeamCountry "YUG"]

1. e4 c5 2. Nf3 e6 3. Nc3 d6 4. d4 cxd4 5. Qxd4 a6 6. Bg5 Nc6 7. Qa4 Be7 8.
Bxe7 Ngxe7 9. O-O-O O-O 10. e5 d5 11. Bd3 Ng6 12. Bxg6 fxg6 13. Qg4 Bd7 14. h4
Rf5 15. h5 g5 16. h6 g6 17. Rhe1 Qe7 18. Ne2 Nxe5 19. Nxe5 Rxe5 20. Nc3 Rxe1
21. Rxe1 Rf8 22. f3 Rf5 23. Qd4 Qf8 24. Qb6 Bc8 25. Qc7 Rf7 26. Qh2 Qb4 27. Kb1
Qf4 28. Qg1 Qh4 29. Nxd5 g4 30. Nb6 gxf3 31. gxf3 Bd7 32. Nxd7 Rxd7 33. Qe3 Qf6
34. a3 Kf7 35. Qe4 Qf5 36. Qc4 g5 37. Qc8 Re7 38. Rg1 Qf6 39. Qc5 Qxh6 40. Rxg5
Qh1+ 41. Rg1 Qh6 42. Qd6 Qe3 43. Qg3 Qh6 44. Qg8+ Kf6 45. Qd8 Kf7 46. f4 Qf8
47. Qd6 Qh8 48. f5 exf5 49. Qd5+ Kf6 50. Rg8 Qxg8 51. Qxg8 Ke5 52. Qg3+ Ke6 53.
Kc1 Kf6 54. Qh4+ Ke6 55. Kd2 Kd7 56. Qf6 Re6 57. Qxf5 1-0

[Event "Mitropa Cup 04th"]
[Site "Bern"]
[Date "1979.10.09"]
[Round "3.1"]
[White "Hoelzl, Franz"]
[Black "Toth, Bela"]
[Result "1-0"]
[WhiteElo "2425"]
[BlackElo "2470"]
[PlyCount "65"]
[EventDate "1979.10.07"]
[EventType "team-tourn"]
[EventRounds "7"]
[EventCountry "SUI"]
[Source "ChessBase"]
[SourceDate "2003.11.25"]
[WhiteTeam "Austria"]
[BlackTeam "Italy"]
[WhiteTeamCountry "AUT"]
[BlackTeamCountry "ITA"]

1. e4 e5 2. Nc3 Nc6 3. Bc4 Nf6 4. d3 Bb4 5. Nf3 O-O 6. O-O Bxc3 7. bxc3 d6 8.
Bg5 Qe7 9. Ne1 h6 10. Bh4 Be6 11. Bb3 Nb8 12. c4 Nbd7 13. c3 Rfe8 14. Nc2 Nf8
15. f3 Ng6 16. Be1 Nh5 17. Ne3 Nhf4 18. Kh1 Kh8 19. g3 Nh3 20. Bd2 Rf8 21. d4
f5 22. exf5 Bxf5 23. Nxf5 Rxf5 24. Bc2 Rf6 25. Qb1 exd4 26. Bxg6 Raf8 27. Be4
c6 28. cxd4 d5 29. cxd5 cxd5 30. Bxd5 Qe2 31. Qe1 Qd3 32. Bb4 Rd8 33. Be4 1-0

[Event "Mitropa Cup 04th"]
[Site "Bern"]
[Date "1979.10.09"]
[Round "3.3"]
[White "Wittmann, Walter"]
[Black "Bonfa, Ileano"]
[Result "1/2-1/2"]
[WhiteElo "2360"]
[BlackElo "2300"]
[PlyCount "96"]
[EventDate "1979.10.07"]
[EventType "team-tourn"]
[EventRounds "7"]
[EventCountry "SUI"]
[Source "ChessBase"]
[SourceDate "2003.11.25"]
[WhiteTeam "Austria"]
[BlackTeam "Italy"]
[WhiteTeamCountry "AUT"]
[BlackTeamCountry "ITA"]

1. e4 c5 2. Nf3 Nc6 3. d4 cxd4 4. Nxd4 g6 5. c4 Nf6 6. Nc3 d6 7. f3 Nxd4 8.
Qxd4 Bg7 9. Be3 O-O 10. Qd2 Be6 11. Rc1 Qa5 12. b3 Rfc8 13. Na4 Qxd2+ 14. Kxd2
Bd7 15. Nc3 a6 16. Bd3 b5 17. Nd5 Nxd5 18. cxd5 Bb2 19. Rxc8+ Rxc8 20. Rb1 Bg7
21. Rc1 Rxc1 22. Kxc1 Kf8 23. Kc2 Ke8 24. Bb6 Be5 25. g3 h5 26. f4 Bf6 27. Kd2
h4 28. gxh4 Bxh4 29. e5 Bh3 30. a4 bxa4 31. bxa4 Bd7 32. a5 Bc8 33. Bc2 g5 34.
exd6 exd6 35. Ke3 g4 36. f5 g3 37. h3 g2 38. Kf3 Bb7 39. Ba4+ Ke7 40. Bc6 Bc8
41. Kxg2 Bxf5 42. Bb7 Be4+ 43. Kg1 Bd3 44. Bf2 Bg5 45. Kg2 Bd2 46. Bb6 Be1 47.
Kf3 Bf1 48. Kf4 Bd2+ 1/2-1/2

[Event "Mitropa Cup 04th"]
[Site "Bern"]
[Date "1979.10.09"]
[Round "3.1"]
[White "Gerusel, Mathias"]
[Black "Sellos, Didier"]
[Result "1/2-1/2"]
[WhiteElo "2425"]
[BlackElo "2360"]
[PlyCount "49"]
[EventDate "1979.10.07"]
[EventType "team-tourn"]
[EventRounds "7"]
[EventCountry "SUI"]
[Source "ChessBase"]
[SourceDate "2003.11.25"]
[WhiteTeam "Germany"]
[BlackTeam "France"]
[WhiteTeamCountry "GER"]
[BlackTeamCountry "FRA"]

1. d4 Nf6 2. c4 e6 3. Nc3 Bb4 4. Qc2 c5 5. dxc5 Bxc5 6. Nf3 O-O 7. Bg5 Be7 8.
e3 d6 9. Be2 a6 10. O-O Nbd7 11. Rfd1 Qc7 12. Rd2 b6 13. Rad1 Rd8 14. Bf4 Nf8
15. h3 Bb7 16. Bh2 Rac8 17. Ng5 Ne8 18. Nf3 h6 19. Rc1 Qb8 20. Qd1 Nd7 21. Nd4
Bf6 22. b3 Qc7 23. Bf3 Be5 24. Bxb7 Bxh2+ 25. Kxh2 1/2-1/2